00465nam a2200157Ia 4500003000900000008004100009040001600050080001600066110003100082245008300113260004800196300001000244650000900254650003100263650001300294IN-BaIIA211028s9999 xx 000 0 eng d cIIA Library a58bINAS-77 aIndian Academy of Sciences 0aYear Book - 1977cIndian Academy of Sciences  aBangalorebIndian Academy of Sciencesc1977 a90 p. aINAS aIndian academy of sciences ayearbook